روائع الشاعر الفلسطيني: إبراهيم طوقان: حياته - روائع من شعره (Record no. 25543)
[ view plain ]
| 000 -LEADER | |
|---|---|
| fixed length control field | 01003nam a2200241Ii 4500 |
| 003 - CONTROL NUMBER IDENTIFIER | |
| control field | JO-AjNU |
| 008 - FIXED-LENGTH DATA ELEMENTS--GENERAL INFORMATION | |
| fixed length control field | 230605s9999||||xx |||||||||||||| ||und|| |
| 017 ## - COPYRIGHT OR LEGAL DEPOSIT NUMBER | |
| Copyright or legal deposit number | 2014/6/2649 |
| 020 ## - INTERNATIONAL STANDARD BOOK NUMBER | |
| International Standard Book Number | 978-9957-589-38-7 |
| 040 ## - CATALOGING SOURCE | |
| Original cataloging agency | JO-AjNU |
| Language of cataloging | ara |
| Description conventions | rda |
| Transcribing agency | JO-AjNU |
| 041 ## - LANGUAGE CODE | |
| Language code of text/sound track or separate title | ara |
| 050 14 - LIBRARY OF CONGRESS CALL NUMBER | |
| Classification number | PJ7864 2015 |
| 100 3# - MAIN ENTRY--PERSONAL NAME | |
| Personal name | عبد الحميد، فراس, |
| Relator term | author |
| 9 (RLIN) | 49956 |
| 245 00 - TITLE STATEMENT | |
| Title | روائع الشاعر الفلسطيني: إبراهيم طوقان: حياته - روائع من شعره |
| 250 ## - EDITION STATEMENT | |
| Edition statement | الطبعة العربية |
| 264 31 - PRODUCTION, PUBLICATION, DISTRIBUTION, MANUFACTURE, AND COPYRIGHT NOTICE | |
| Place of production, publication, distribution, manufacture | عمان: دار امجد للنشر والتوزيع، 2015 |
| 300 ## - PHYSICAL DESCRIPTION | |
| Extent | 102ص |
| 336 ## - CONTENT TYPE | |
| Content type term | text |
| Content type code | txt |
| Source | rdacontent |
| 337 ## - MEDIA TYPE | |
| Media type term | unmediated |
| Media type code | n |
| Source | rdamedia |
| 338 ## - CARRIER TYPE | |
| Carrier type term | volume |
| Carrier type code | nc |
| Source | rdacarrier |
| 490 0# - SERIES STATEMENT | |
| Series statement | سلسلة شعراء من فلسطين؛ 2 |
| 650 #4 - SUBJECT ADDED ENTRY--TOPICAL TERM | |
| Topical term or geographic name entry element | الشعر العربي - فلسطين - تاريخ ونقد - قرن 20، الشعراء الفسطينون - تراجم، ابراهيم عبد الفتاح طوقان 1905 -1941م |
| 9 (RLIN) | 49957 |
| Withdrawn status | Lost status | Source of classification or shelving scheme | Damaged status | Not for loan | Home library | Current library | Shelving location | Date acquired | Total Checkouts | Full call number | Barcode | Date last seen | Price effective from | Koha item type |
|---|---|---|---|---|---|---|---|---|---|---|---|---|---|---|
| Library of Congress Classification | مكتبة جامعة عجلون الوطنية | مكتبة جامعة عجلون الوطنية | المجموعات العامة | 06/06/2023 | PJ7864 2015 | A21975 | 06/06/2023 | 06/06/2023 | Books |